Rois de France assassinés. - Statistiques

Statistiques générales
  • Ce quiz a été pris 7 889 fois
    7 648 depuis la dernière actualisation
  • Le résultat moyen est 3 sur 6
Statistiques - réponses
Roi % Correct
Louis XVI
98%
Henri IV
87%
Henri III
60%
François Ravaillac
38%
Childéric II
22%
Jacques Clément
17%
Aucun quiz correspondant
Distribution des résultats
% des personnes avec chaque résultat
Percentile par nombre de réponses
Votre historique - résultats
Vous n’avez pas pris ce quiz depuis la dernière actualisation